Statistics for Guess the English name for this country

Click here to take the quiz!

General Stats

  • This quiz has been taken 33 times
  • The average score is 47 of 51

Answer Stats

Dutch nameEnglish name% Correct
ArmeniëArmenia
100%
AfghanistanAfghanistan
97%
BahreinBahrain
97%
Oost-TimorEast Timor
97%
LibanonLebanon
97%
MaldivenMaldives
97%
MongoliëMongolia
97%
MyanmarMyanmar
97%
NepalNepal
97%
Noord-KoreaNorth Korea
97%
OmanOman
97%
PakistanPakistan
97%
QatarQatar
97%
OezbekistanUzbekistan
97%
BangladeshBangladesh
94%
BhutanBhutan
94%
BruneiBrunei
94%
CambodjaCambodia
94%
ChinaChina
94%
CyprusCyprus
94%
Egypte (Sinaï)Egypt
94%
GeorgiëGeorgia
94%
IndiaIndia
94%
IndonesiëIndonesia
94%
IranIran
94%
IrakIraq
94%
IsraëlIsrael
94%
JapanJapan
94%
JordaniëJordan
94%
KoeweitKuwait
94%
LaosLaos
94%
RuslandRussia
94%
Saoedi-ArabiëSaudi Arabia
94%
SingaporeSingapore
94%
Zuid-KoreaSouth Korea
94%
Sri LankaSri Lanka
94%
SyriëSyria
94%
TaiwanTaiwan
94%
TadzjikistanTajikistan
94%
TurkijeTurkey
94%
TurkmenistanTurkmenistan
94%
Verenigde Arabische EmiratenUnited Arab Emirates
94%
VietnamVietnam
94%
JemenYemen
94%
MaleisiëMalaysia
91%
KazachstanKazakhstan
88%
FilipijnenPhilippines
84%
KirgiziëKyrgyzstan
81%
AziëAsia
63%
AzerbedzjanAzerbaijan
63%
PalestinaPalestine
53%

Score Distribution

Percentile by Number Answered

Percent of People with Each Score

Your Score History

You have not taken this quiz